Runa /

Guardado en:
Autor Principal: Fogwill, Rodolfo Enrique
Formato: Libro
Publicado: Buenos Aires : Interzona, 2013
Materias:
Etiquetas: Agregar Etiqueta
Sin Etiquetas, Sea el primero en etiquetar este registro!
LEADER 00687nam a22002415a 4500
001 CEM.cems018170
005 20140325134359.0
008 130507s2013##################000#0#####d
003 CEMS
020 |a 9789871920037 
082 0 4 |a A868.4 
100 1 |a Fogwill, Rodolfo Enrique 
245 1 0 |a Runa /  |c Rodolfo Enrique Fogwill 
260 |a Buenos Aires :  |b Interzona,  |c 2013 
300 |a 128 p. 
653 |a Literatura 
653 |a Literatura argentina 
653 |a Narrativa 
653 |a Narrativa argentina 
653 |a Novelas 
653 |a Novela argentina 
653 |a Ministerio de educación-colección literaria 
859 |a CEMS  |b BIB. CEMS - Agricultura  |h A868.4  |i F689  |p A2051.14  |t Ej.1